Hauptstädte von Ländern mit mehreren Hauptstädten - mit Karte - Statistiken

Allgemein
  • Dieses Quiz wurde 163 mal gespielt
  • Das Durchschnittsergebnis liegt bei 19 aus 36
Antworten auf der Karte
Die Antworten werden auf der Karte rot bzw. grün angezeigt, abhängig davon wie oft sie richtig erraten wurden.
 
Antwortstatistiken
Kategorie Land Status Stadt % Korrekt
UN-Mitglied Niederlande de jure Amsterdam
98%
Umstritten Palästina de jure Ost-Jerusalem
94%
UN-Mitglied Israel de jure, von UN nicht anerkannt Jerusalem
93%
UN-Mitglied Südafrika Parlamentssitz Kapstadt
93%
UN-Mitglied Chile de jure Santiago de Chile
93%
UN-Mitglied Bolivien Regierungssitz La Paz
86%
UN-Mitglied Südafrika Regierungssitz Pretoria
85%
UN-Mitglied Niederlande Regierungssitz Den Haag
83%
UN-Mitglied Bolivien de jure Sucre
83%
UN-Mitglied Malaysia de jure Kuala Lumpur
80%
UN-Mitglied Jemen de jure Sanaa
80%
UN-Mitglied Montenegro de jure Podgorica
73%
UN-Mitglied Südafrika Judikativsitz Bloemfontein
71%
UN-Mitglied Sri Lanka Judikativ- und Regierungssitz Colombo
69%
UN-Mitglied Israel von UN anerkannt Tel Aviv-Jaffa
68%
UN-Mitglied Tansania de jure Dodoma
63%
UN-Mitglied Tansania Regierungssitz Daressalam
58%
UN-Mitglied Elfenbeinküste de jure Yamoussoukro
55%
UN-Mitglied Benin de jure Porto Novo
51%
UN-Mitglied Sri Lanka de jure Sri Jayawardenepura Kotte
51%
UN-Mitglied Eswatini de jure, Legislativsitz Mbabane
47%
UN-Mitglied Burundi de jure Gitega
43%
UN-Mitglied Elfenbeinküste Regierungssitz Abidjan
40%
UN-Mitglied Jemen de facto (provisorisch) Aden
40%
UN-Mitglied Burundi de facto Bujumbura
33%
UN-Mitglied Benin Regierungssitz Cotonou
30%
Umstritten Palästina de facto Ramallah
25%
UN-Mitglied Chile Legislativsitz Valparaíso
19%
Umstritten Westsahara de jure El Aaiún
11%
Territorium Montserrat (GB) de jure Plymouth
7%
UN-Mitglied Montenegro Sitz des Präsidenten Cetinje
6%
UN-Mitglied Eswatini Regierungssitz Lobamba
6%
Territorium Montserrat (GB) de facto Brades
5%
UN-Mitglied Malaysia Regierungssitz Putrajaya
5%
Umstritten Westsahara de facto (provisorisch) Tifariti
3%
Umstritten Westsahara de facto Regierungssitz (im Exil) Tindūf (in Algerien)
3%
Keine übereinstimmenden Quizze gefunden
Verteilung der Resultate
Anzahl Personen mit jedem Resultat
Perzentil nach korrekt beantworteten Fragen
Ihre Resultats-Entwicklung
Sie haben dieses Quiz noch nicht gespielt